00235 2200109 4500245003500000250001100035100001600046650001600062005001900078041001400097084001400111 aMAKANAN & MINUMAN BETAWIhText aCet. 1 aAnisa Putri aKarya Siswa a20250424085418 aIndonesia a081 ANI m